Attracting a seabear Quiz Stats

Quiz not verified by Sporcle

Also try: TV Show by Kids
Challenge
Share
Tweet
Embed
Score 0/10 Timer 04:00
0 Plays Today
Clue Answer % Correct
*BONUS*this kind of cheese is fine...sliced
71%
by...eating cubed cheese
64.5%
by...wearing a sombrero in a goofy fashion
64.5%
and seabears attract...sea rhinos
64.5%
by...waving a flashlight around
41.9%
by...playing the clarinet badly
35.5%
by...stomping around
29%
by...wearing clown shoes
29%
by...screeching like a chimpanzee
22.6%
by...wearing a hoop skirt
16.1%

You're not logged in!

Compare scores with friends on all Sporcle quizzes.
Sign Up with Email
OR
Log In

You Might Also Like...

Show Comments

Extras

Top Quizzes Today


Score Distribution

Your Account Isn't Verified!

In order to create a playlist on Sporcle, you need to verify the email address you used during registration. Go to your Sporcle Settings to finish the process.